000 00645nam a2200181 i 4500
001 167488
003 ES-MaACL
005 20230906213533.0
008 050929s1870 au o | |||||||| ||fre d
040 _aCAM
_bspa
_cCAM
245 0 0 _aVienne
_b: ses monuments, musées, curiosités, environs, suivies d'une histoire abrégée de cette capitale.
250 _a3e éd. rev. et corr.
260 _aVienne :
_bCharles Gérold Fils,
_c1870.
300 _a240 p. ;
_c17 cm + 1 h. de plan. pleg.
599 _aLa h. de plan. pleg., plano de Viena.
651 4 _aViena-
_xDescripción.
_99533
852 _aES-MaACL
_jC-289
_z-- Enc. tela roja grabada
999 _c167488
_d167488